000
00287nam a22001217a 4500
008
181107b xxu||||| |||| 00| 0 eng d
041
_a
eng
080
_2
3rd
_a
615
100
_a
5
101
_a
FAR
245
_a
The Pharmacological Basis of Therapeutics
_c
Goodman,L.S
942
_2
udc
_c
BK
999
_c
52133
_d
52133